000 00327nam a22001457a 4500
008 210528b ||||| |||| 00| 0 eng d
020 _a9780495095576
041 _aeng
080 _22nd
_a159.9
082 _a159.9
100 _a48
101 _aPSI
245 _aCognitive Psychology
_cE. Bruce Goldstein
942 _2udc
_cBK
999 _c57775
_d57775